[Event "EYCC 2017"]
[Site "Mamaia"]
[Date "2017.09.11"]
[Round "6"]
[White "Kubicka, Anna"]
[Black "Sucikova, Svetlana"]
[Result "1-0"]
[WhiteElo "2221"]
[BlackElo "2055"]
[Annotator "TA"]
[PlyCount "75"]
[EventDate "2017.??.??"]
[EventType "swiss"]
[EventCountry "ROU"]
[SourceTitle "playchess.com"]
[Source "ChessBase"]
[SourceQuality "1"]

{[%evp 15,75,60,77,72,61,75,63,87,106,89,95,58,120,114,118,106,138,121,126,125,305,290,293,269,241,112,150,145,122,6,72,116,79,0,30,-78,-8,0,-8,-8,84,-35,0,0,515,556,518,506,1106,1089,1078,1037,1284,663,1434,1338,29988,29989,29991,29992,29992,29993]} 1. e4 c6 2. c4 e5 3. Nf3 d6 4. d4 exd4 5. Nxd4 Nf6 6. Nc3 Be7 7. Be2 O-O 8. O-O Nbd7 9. Nf5 {A55: Old Indian Defence with Nf3 and e4} Nc5 10. Nxe7+ Qxe7 11. f3 {White is slightly better.} Be6 $146 ({Find the theoretical novelty and annotate with similar games:} 11... a5 12. Bg5 Rd8 13. Qd2 b6 14. Rad1 Ba6 15. b3 Rd7 16. Qd4 Ne6 17. Bxf6 Qxf6 18. Qxf6 gxf6 {1-0 (36) Belikov,A (2202)-Shapiro,D (1931) Samara 2010}) 12. Bg5 Rad8 13. Qc2 Bc8 (13... h6 $14 14. Be3 b6) 14. Rad1 $16 b6 15. Bh4 Bb7 16. b4 Ne6 17. f4 {Threatens to win with e5.} Nc7 $2 (17... c5 $16) 18. Bd3 $18 Qe6 {[#]} 19. e5 $1 {[%mdl 512]} dxe5 20. fxe5 (20. Ne4 $1 $18 {[%cal Re4f6]} Rd4 21. Bxf6 gxf6 22. fxe5 fxe5 23. Nf6+ Kg7 24. Qd2 (24. Bxh7 Ne8 $14) 24... Qxf6 25. Rxf6 Kxf6 26. Re1) 20... Qxe5 $16 21. Bxf6 $1 gxf6 22. Bxh7+ (22. Rfe1 $1 $16 {[%cal Re1e5]} Qd4+ 23. Kh1) 22... Kh8 (22... Kg7 $11) 23. Be4 Ne6 24. Qf2 (24. Rde1 $1 $16) 24... Ng5 (24... Kg7 $5 {[%cal Re5c3]} 25. Qe1 (25. Qh4 Ng5 $11) 25... Rh8 $11) 25. Qc2 (25. Rxd8 $11 Rxd8 26. Qxf6+ Qxf6 27. Rxf6) 25... Rd4 (25... Rxd1 $17 26. Rxd1 Re8) 26. Rf5 $1 $11 {[%cal Rf5e5]} Qd6 $1 {Strongly threatening ...Rxd1+.} ({Much worse is} 26... Rxd1+ $6 27. Qxd1 Qxc3 28. Qh5+ Nh7 29. Qxh7+ $1 {[%mdl 512]} Kxh7 30. Rf3+ Kg7 31. Rxc3 $16) 27. Rff1 $132 {[%mdl 2048] next h4 is good for White. White puts up resistance} Rd8 (27... Rg8 $11 {keeps the balance.}) 28. Qf2 (28. h4 $16 Ne6 29. Qf2 Rxd1 30. Rxd1) 28... Kg7 {[%cal Rd4d1]} 29. h4 Nxe4 $4 {[%mdl 8192]} (29... Rxd1 $11 30. Rxd1 Qxd1+ 31. Nxd1 Rxd1+ 32. Kh2 Nxe4) 30. Nxe4 $18 Qe5 {[#]} 31. Rde1 $1 {[%cal Bd1e1,Be1e3,Be3g3][%mdl 32]} Rxc4 (31... Rxe4 $142 32. Rxe4 Qc3 33. Rg4+ Kf8 34. Qxf6 Qxf6 35. Rxf6 c5) 32. Nxf6 ({Not} 32. Nc5 Qd4 $15) 32... Qd4 33. Re3 {White threatens Qg3+ and mate.} Kh8 {[#]} 34. Ng4 $1 {[%mdl 512]} Qg7 (34... Qxg4 35. Qf6+) 35. Ne5 Rcd4 36. Nxf7+ {White mates.} Kg8 37. Nxd8 Rxd8 38. Rg3 {Precision: White = 43%, Black = 22%.} 1-0

[Event "EYCC 2017"]
[Site "Mamaia"]
[Date "2017.09.11"]
[Round "6"]
[White "Tsvetkov, Andrey"]
[Black "Tadic, Stefan"]
[Result "1-0"]
[WhiteElo "2219"]
[BlackElo "2074"]
[Annotator "TA"]
[PlyCount "103"]
[EventDate "2017.??.??"]
[EventType "swiss"]
[EventCountry "ROU"]
[SourceTitle "playchess.com"]
[Source "ChessBase"]
[SourceQuality "1"]

{[%evp 18,103,44,42,110,99,98,45,68,46,62,42,57,45,39,14,69,58,67,53,60,57,78,96,100,105,136,130,133,120,173,170,204,188,256,261,340,179,184,170,272,103,110,82,79,111,108,91,185,195,178,160,208,131,189,197,197,190,201,210,201,189,257,216,338,339,386,379,368,317,488,451,450,439,474,514,500,508,487,479,588,582,599,595,588,582,570,566]} 1. d4 Nf6 2. c4 {[%cal Bc2c4,Bc4b5][%mdl 32]} c5 3. d5 b5 4. cxb5 a6 5. bxa6 g6 6. Nc3 {A58: Benko/Volga Gambit: Lines with 5 bxa6} Bg7 (6... Bxa6 7. Nf3 Bg7 8. e4 Bxf1 9. Kxf1 d6 10. g3 O-O 11. Kg2 Na6 12. Qe2 Qb6 13. Rd1 Qb7 14. Rb1 Nd7 15. Bg5 Rfe8 16. a3 Nc7 17. Qc2 Nb6 18. a4 Rac8 19. b3 e6 20. dxe6 Nxe6 {1-0 (27) Jakovenko,D (2714)-Zvjaginsev,V (2673) Moscow 2016}) 7. e4 O-O 8. a7 Rxa7 9. Nf3 e6 10. Be2 {LiveBook: 26 Games} Ba6 (10... exd5 $14 11. exd5 Ba6) 11. O-O $1 $16 exd5 12. exd5 ({Better is} 12. e5 $16 Ng4 13. Bxa6 (13. Nxd5 Nxe5 14. Bxa6 Nxf3+ 15. Qxf3 Rxa6 $11) (13. Qxd5 Bxe2 14. Nxe2 Nc6 $14) 13... Nxa6 14. Qxd5) 12... d6 13. Re1 (13. Nb5 $5 {[%cal Rb5a7]} Re8 14. a4 $14) 13... Rb7 $146 ({Find the theoretical novelty and annotate with similar games:} 13... Re8) 14. a4 Bxe2 15. Rxe2 Na6 16. Bf4 Nb4 (16... Rb4 $11 17. Qd2 Re8) 17. Qd2 Re8 18. Rxe8+ Nxe8 19. Nb5 Rb6 20. Re1 Nf6 21. Bg5 Qd7 22. Bxf6 $1 Bxf6 23. Ng5 Qf5 (23... Rxb5 $16 {was necessary.} 24. axb5 Qxb5) 24. Ne4 $1 $18 ({Don't play} 24. Re8+ $6 Kg7 $14) 24... Be5 25. g3 Qf3 (25... Rb8 $142 26. Nexd6 Bxd6) 26. Re3 Qg4 {[#]} 27. f4 (27. Nxc5 $142 $1 {[%mdl 512] Hoping for Ne4.} Na6 (27... dxc5 28. Rxe5) 28. Ne4) 27... Bg7 28. Nexd6 Qd7 (28... Bd4 $142) 29. Ne4 $2 (29. Re8+ $18 {is more deadly.} Bf8 30. Qc3 Rxd6 {[#]} 31. Rxf8+ $1 {[%mdl 512]} (31. Nxd6 Qxd6 32. Qe5 Qxe5 $18) 31... Kxf8 32. Qxc5) 29... Nxd5 $16 {With the idea ...Bd4.} 30. Rd3 Qe7 31. Nf2 Nf6 32. Re3 $36 {[%mdl 2048] White has strong initiative.} Qd7 (32... Qf8 $16) 33. Qxd7 $18 Nxd7 34. Re7 Rb7 35. b3 Kf8 (35... Bf8 $16 36. Re8 Kg7) 36. Rxf7+ Kxf7 37. Nd6+ Ke6 38. Nxb7 {[%mdl 4096] Endgame KBN-KNN} Kd5 39. Kg2 Bc3 (39... c4 {is a better defense.}) 40. Kf3 Nf6 (40... c4 $142) 41. Nd1 Bd2 42. Ke2 Bb4 43. Kd3 Ke6 (43... Ng4 $142 44. h3 Nh6) 44. Nd8+ {White is clearly winning.} Kd7 45. Nf7 Ke6 46. Ng5+ Kd5 47. Ne3+ Kc6 48. Ne4 Ng8 49. Ng4 Ne7 50. Kc4 Nf5 51. Ne5+ Kb6 52. Nxc5 {Precision: White = 73%, Black = 36%.} 1-0

[Event "EYCC 2017"]
[Site "Mamaia"]
[Date "2017.09.11"]
[Round "6"]
[White "Goltseva, Ekaterina"]
[Black "Sargsyan, Anna M"]
[Result "1/2-1/2"]
[WhiteElo "2214"]
[BlackElo "2047"]
[Annotator "TA"]
[PlyCount "83"]
[EventDate "2017.??.??"]
[EventType "swiss"]
[EventCountry "ROU"]
[SourceTitle "playchess.com"]
[Source "ChessBase"]
[SourceQuality "1"]

{[%evp 14,83,28,18,54,40,53,56,49,29,28,10,25,22,42,53,47,53,48,49,56,51,62,36,41,43,26,34,45,42,40,52,80,88,73,59,190,0,0,0,0,0,0,0,0,0,0,0,0,-14,-16,-102,-102,-108,-103,-104,-102,-102,-91,-134,-92,-102,-83,-90,0,-84,-40,-102,-54,-93,0,-107]} 1. d4 d5 2. c4 e6 3. Nf3 c6 4. e3 f5 5. Bd3 Nf6 {[%cal Bg8f6,Bf6e4,Be4d2][%mdl 32]} 6. O-O Bd6 7. b3 Qe7 8. a4 {LiveBook: 91 Games} Nbd7 {A84: Dutch Defence: 2 c4 Miscellaneous} (8... a5 9. Ba3 Bxa3 10. Nxa3 O-O 11. Nc2 b6 12. Ne5 Bb7 13. cxd5 Nxd5 14. Na3 Na6 15. Bxa6 Bxa6 16. Nac4 Rac8 17. Nd3 Rfd8 18. Qe1 Bxc4 19. bxc4 {½-½ (71) Inarkiev,E (2686)-Yudin,S (2530) Cheliabinsk 2016}) 9. Ba3 Ne4 10. Bxd6 Qxd6 {White is slightly better.} 11. Nfd2 $146 ({Predecessor:} 11. Qc1 O-O 12. Qa3 c5 13. Nbd2 b6 14. cxd5 exd5 15. Rfd1 Qh6 16. Rac1 {0-1 (37) Batsiashvili,N (2390)-Guramishvili,S (2426) Tbilisi 2013}) 11... O-O 12. f3 Nxd2 (12... Nef6 {feels hotter.} 13. Qe2 b6 14. Nc3 a5 15. cxd5 Nxd5 16. Rac1 Bb7) 13. Qxd2 e5 14. cxd5 cxd5 15. dxe5 Qxe5 16. Nc3 Nf6 17. Rac1 Bd7 18. Bb1 Rfe8 19. Rfe1 Rac8 20. b4 a6 21. Ba2 {[%cal Rc3d5]} Kh8 22. Bb3 {[%cal Rc3d5]} Rcd8 23. Qd4 Qe7 24. a5 f4 (24... Bc6 $14) 25. e4 $2 ({Don't play} 25. Nxd5 $6 Nxd5 26. Bxd5 fxe3 $14) ({Don't take} 25. Qxf4 $6 d4 $16) (25. exf4 $18 Qxe1+ 26. Rxe1 Rxe1+ 27. Kf2) 25... dxe4 $11 26. Nxe4 {[#] Hoping for Nd6.} Bc6 27. Qc5 $1 Nxe4 28. Qxe7 Rxe7 29. Bc2 {[%cal Rc2e4]} h6 30. Bxe4 Bxe4 31. fxe4 {[%mdl 4096] Endgame KRR-KRR} Rd4 32. e5 (32. b5 $11) 32... Rxb4 $17 33. Rcd1 g5 34. Rd5 Kg7 35. Kf2 Rb3 36. Re2 Rc3 37. Rb2 Rc6 38. Kf3 Rc3+ ({Black should play} 38... Kg6 $17 {Threatens to win with ...Kf5.} 39. Ke4 Rc4+ 40. Kd3 Ra4 41. Rb6+ Kg7) 39. Ke4 (39. Kf2 $11 {remains equal.}) 39... Rc4+ 40. Kd3 (40. Kf3 $15) 40... Rc1 41. Ke4 Rc4+ 42. Kd3 $1 {Precision: White = 52%, Black = 34%.} 1/2-1/2

[Event "EYCC 2017"]
[Site "Mamaia"]
[Date "2017.09.11"]
[Round "6"]
[White "Gueci, Tea"]
[Black "Diakonova, Ekaterina"]
[Result "1-0"]
[WhiteElo "2181"]
[BlackElo "2276"]
[Annotator "TA"]
[PlyCount "95"]
[EventDate "2017.??.??"]
[EventType "swiss"]
[EventCountry "ROU"]
[SourceTitle "playchess.com"]
[Source "ChessBase"]
[SourceQuality "1"]

{[%evp 24,95,0,-39,13,26,16,0,0,0,0,-91,-87,-89,-85,-68,-52,-87,-84,-81,-51,-106,-96,-83,-76,-105,-85,-92,-84,-112,-128,-114,-111,-240,0,0,0,0,0,0,370,416,403,406,395,394,379,375,12830,12831,12831,12830,12830,12831,12832,12827,12829,10193,12830,1566,12836,12836,12838,12832,12843,12843,12845,12846,12846,12847,12848,12848,12849,12849]} 1. e4 c6 2. d4 d5 3. e5 Bf5 4. h4 h5 5. c4 e6 6. Nc3 dxc4 7. Bxc4 Nd7 8. Bg5 Ne7 9. Nge2 {[%cal Bg1e2,Be2g3,Bg3e4][%mdl 32] B12: Caro-Kann: Advance Variation} f6 (9... Nb6 10. Bb3 Qd7 11. Qd2 Ned5 12. Rd1 Be7 13. Ng3 Bg6 14. Bxe7 Qxe7 15. Nce4 O-O-O 16. Nd6+ Kb8 {½-½ (43) McShane,L (2674)-Shimanov,A (2593) Las Vegas 2015}) 10. exf6 gxf6 11. Be3 Nb6 12. Bb3 Ned5 13. Ng3 {LiveBook: 5 Games} Bg6 (13... Nxe3 $15 14. fxe3 Bg4) 14. Qf3 Qe7 $146 ({Predecessor:} 14... Be7 15. O-O Qd7 16. Nce4 Qc7 {½-½ (34) Tesik,C (2329)-Donchenko,A (2498) Zalakaros 2014}) 15. Nge4 {Hoping for Bxd5.} O-O-O 16. O-O Bf5 17. g3 (17. a4 $11 {keeps the balance.}) 17... Bg4 18. Qg2 Nxe3 19. fxe3 Bh6 20. Rae1 Rhf8 21. Nf2 Rg8 22. Nce4 (22. Kh1 $15) 22... f5 $17 23. Nc5 Nd5 24. Bxd5 exd5 25. Ncd3 Bxe3 {White must now prevent ...Rde8.} 26. Kh2 Rde8 27. Nxg4 Rxg4 ({But not} 27... fxg4 $6 28. Ne5 $11) 28. Rxf5 {[#]} (28. Qf3 $17 Qe4 29. Qxf5+ Qxf5 30. Rxf5) 28... Re4 $2 ({Black should try} 28... Reg8 $1 $19 29. Rxh5 Rxg3 30. Qxg3 Rxg3 31. Kxg3 Qg7+ 32. Kf3 Qf7+ 33. Kxe3 Qxh5) 29. Qh3 $11 Kb8 (29... Kd8 $5 {[%cal Re3d4]}) 30. Nc5 $36 {[%mdl 2048] White has some pressure.} Rxd4 {[#]} 31. Re5 $1 {[%cal Re5e7][%mdl 512]} Rxh4 $2 {[%mdl 8192]} (31... Rd2+ $11 32. Kh1 Qf7 33. Rxe8+ Qxe8) (31... Qxe5 32. Nd7+) 32. Qxh4 $18 Qxh4+ 33. gxh4 Bf4+ 34. Kg2 Bxe5 {[#]} 35. Rxe5 $1 {[%mdl 512]} Rxe5 $2 {[%mdl 4096] Endgame KR-KN} (35... Rh8 36. Nd3 Kc7) 36. Nd7+ {White is clearly winning.} Kc7 37. Nxe5 {KN-KP} Kd6 38. Nd3 c5 39. Kf3 c4 40. Nf4 Ke5 41. Nxh5 b5 42. Ng3 d4 43. h5 c3 44. bxc3 dxc3 45. Ke3 b4 46. Kd3 Kf6 47. Ne4+ Kf5 {[#]} 48. Nxc3 $1 {Precision: White = 58%, Black = 44%.} 1-0

[Event "EYCC 2017"]
[Site "Mamaia"]
[Date "2017.09.11"]
[Round "6"]
[White "Borhy, Marcell"]
[Black "Radojicic, Aleksandar M"]
[Result "1-0"]
[WhiteElo "2178"]
[BlackElo "1909"]
[Annotator "TA"]
[PlyCount "81"]
[EventDate "2017.??.??"]
[EventType "swiss"]
[EventCountry "ROU"]
[SourceTitle "playchess.com"]
[Source "ChessBase"]
[SourceQuality "1"]

{[%evp 19,81,18,62,51,49,50,358,358,422,417,737,566,577,557,555,536,722,635,907,691,844,834,1000,697,696,696,678,618,813,802,860,854,813,857,853,845,826,821,872,854,829,822,1227,849,850,840,1030,1009,1008,1045,12839,12840,12841,12842,29989,29989,29991,29992,29994,29995,29998,29994,29995,29996]} 1. Nf3 Nf6 2. c4 c5 3. g3 b6 4. Bg2 Bb7 5. O-O g6 6. Nc3 Bg7 7. d4 cxd4 8. Nxd4 Bxg2 9. Kxg2 O-O 10. e4 d6 {LiveBook: 6 Games} 11. Be3 {A30: Symmetrical English: Double Fianchetto and Hedgehog} Qc7 12. Rc1 Nc6 $146 {[%mdl 8192] [#]} ({Black should play} 12... Qb7 $14) ({Predecessor:} 12... Qb7 13. f3 Nc6 14. b3 Rac8 15. Qd2 Rfd8 16. Nxc6 Qxc6 17. a4 Nd7 18. Nd5 Re8 {½-½ (72) Kassimov,B (2248)-Kuderin,D (2153) Anapa 2009}) 13. Nd5 $18 {White is winning.} Qd7 14. Nxc6 Nxe4 (14... Rfe8 $142 15. Nxf6+ exf6) 15. Qc2 f5 16. f3 Nc5 17. b4 Nb7 18. Ndxe7+ Kf7 19. b5 Nc5 20. Bxc5 dxc5 21. Qd1 Qxd1 22. Rcxd1 a6 23. a4 Rfe8 24. Nd5 Re2+ 25. Rf2 Rxf2+ 26. Kxf2 axb5 27. axb5 Ra2+ 28. Kg1 Bh6 29. f4 g5 30. Nd8+ Ke8 31. Ne6 gxf4 32. Nexf4 Bxf4 33. gxf4 {[%mdl 4096] Endgame KRN-KR} Re2 34. Nxb6 Re4 35. Nc8 Rxf4 36. b6 Rf3 37. Rb1 {White mates.} Kd7 38. b7 Rc3 39. b8=Q Rxc4 40. Nb6+ Kc6 41. Nxc4 {Precision: White = 71%, Black = 27%.} 1-0

[Event "EYCC 2017"]
[Site "Mamaia"]
[Date "2017.09.11"]
[Round "6"]
[White "Volovich, Vasily"]
[Black "Gavrilescu, David"]
[Result "0-1"]
[WhiteElo "2166"]
[BlackElo "2346"]
[Annotator "TA"]
[PlyCount "119"]
[EventDate "2017.??.??"]
[EventType "swiss"]
[EventCountry "ROU"]
[SourceTitle "playchess.com"]
[Source "ChessBase"]
[SourceQuality "1"]

{[%evp 19,119,58,77,34,23,8,18,23,30,37,64,29,33,19,34,35,36,11,76,89,88,86,78,25,100,14,27,0,33,0,0,0,0,-32,0,0,0,-17,-16,-233,-219,-175,-208,-210,-202,-174,-173,-189,-197,-193,-154,-288,-296,-240,-221,-321,-291,-290,-281,-292,-295,-290,-277,-298,-284,-286,-305,-293,-287,-299,-286,-271,-189,-227,-206,-227,-226,-225,-216,-214,-192,-224,-211,-215,-154,-625,-588,-1171,-990,-1209,-1151,-915,-635,-29979,-29980,-29981,-29983,-29983,-29984,-29984,-29984,-29984]} 1. e4 c6 2. Nf3 d5 3. Nc3 a6 (3... dxe4 4. Nxe4 Nf6 5. Nxf6+ exf6 6. Bc4 Bd6 7. Qe2+ Be7 8. O-O O-O 9. d4 Bd6 10. c3 Na6 11. Qc2 Re8 12. Nd2 Nc7 13. Bd3 g6 14. Ne4 Bf8 15. Bd2 f5 16. Ng3 Nd5 17. Rfe1 {0-1 (43) Karjakin,S (2773)-Navara,D (2737) Saint Louis 2017}) 4. d4 Bg4 5. h3 Bh5 6. exd5 {B11: Caro-Kann: Two Knights Variation} cxd5 7. g4 Bg6 8. Ne5 e6 9. h4 f6 10. Nxg6 hxg6 {LiveBook: 6 Games} 11. Ne2 $146 ({Predecessor:} 11. Bd3) 11... Bd6 12. Nf4 Bxf4 $1 13. Bxf4 g5 14. Bg3 Nc6 15. Qd2 gxh4 16. Rxh4 Rxh4 17. Bxh4 Nge7 18. O-O-O Kf7 (18... Qa5 $1 $11) 19. Kb1 b5 20. Qe3 Qd7 21. Re1 (21. Bg3 $16) 21... Rc8 (21... e5 $1 $11 {keeps the balance.} 22. dxe5 Nxe5) 22. f4 (22. Bg3 $16) 22... Na5 $11 23. b3 Nac6 {[%cal Ba5c6,Bc6a7,Ba7c8,Bc8b6,Bb6c4][%mdl 32]} (23... Rh8 $5 {[%cal Rh8h4]} 24. Bf2 Nb7 $11) 24. Bg3 Rh8 25. Bg2 f5 26. g5 Ng6 27. a3 Na7 28. Rd1 Nc8 29. c4 $2 (29. Rh1 $1 $11 {and White stays safe.}) 29... bxc4 $19 30. bxc4 Nb6 31. c5 {[#]} Nc4 $1 {( -> ...Qb7+)} (31... Qb5+ 32. Ka2 $15) 32. Qb3 Qc7 33. Ka1 Rb8 (33... Nxf4 34. Rb1 $11) 34. Qc3 Qb7 $40 {[%mdl 128] ...Ne3! is the strong threat. Black has strong attack.} ({Don't go for} 34... Nxf4 $2 35. Rf1 $18) 35. Qb4 (35. Bf1 $17 {is a better defense.}) 35... Qxb4 36. axb4 Rxb4 37. Rc1 (37. Rd3 {might work better.}) 37... Na5 {Threatens to win with ...Nb3+.} 38. Rc3 Rxd4 {White must now prevent ...Rd1+.} 39. Bf3 Ra4+ ({Don't play} 39... Nxf4 40. c6 $17) 40. Kb1 Ne7 ({Less strong is} 40... Nxf4 41. c6 $15) 41. Bh5+ g6 42. Be2 Nc4 43. Be1 Na3+ 44. Kc1 Nb5 45. Rh3 Kg7 46. Bd2 Nc6 47. Kb2 {[#]} e5 $1 48. fxe5 Nxe5 49. Re3 Nc4+ 50. Bxc4 Rxc4 {[%mdl 4096] Endgame KRB-KRN} 51. Re7+ Kf8 52. Re6 $2 {[#]} (52. Rb7 $17) 52... Rc2+ $1 {[%mdl 512]} 53. Kxc2 Nd4+ 54. Kc3 Nxe6 {KB-KN} 55. Kb4 Nd4 56. Ka5 Nb3+ {Black mates.} 57. Kb6 Nxd2 58. c6 Nc4+ 59. Kc5 Ke7 60. Kd4 {Precision: White = 30%, Black = 66%.} 0-1

[Event "EYCC 2017"]
[Site "Mamaia"]
[Date "2017.09.11"]
[Round "6"]
[White "Korchagina, Alena"]
[Black "Garcia Martin, Marta"]
[Result "0-1"]
[WhiteElo "2158"]
[BlackElo "2360"]
[Annotator "TA"]
[PlyCount "90"]
[EventDate "2017.??.??"]
[EventType "swiss"]
[EventCountry "ROU"]
[SourceTitle "playchess.com"]
[Source "ChessBase"]
[SourceQuality "1"]

{[%evp 15,90,27,31,-6,-5,-30,-22,-23,-17,-35,-29,-45,-48,-43,-47,-41,-41,-50,-32,-31,-9,-18,11,2,9,9,0,7,25,20,38,17,42,0,75,0,0,-44,-18,-35,0,0,0,0,2,0,3,4,7,-40,0,0,0,0,0,-12,62,0,0,-262,-270,-421,-391,-411,-392,-838,-724,-2557,-2477,-1886,-1267,-29993,-5704,-5159,-5143,-29986,-29987]} 1. d4 d5 2. c4 e6 3. Nf3 Nf6 4. Nc3 Bb4 5. Qa4+ Nc6 6. e3 O-O 7. Qc2 {D38: Queen's Gambit Declined: Ragozin Defence (4 Nf3 Bb4)} Bd6 8. c5 Be7 {LiveBook: 8 Games} 9. Be2 $146 {White is slightly better.} ({Find the theoretical novelty and annotate with similar games:} 9. a3 a5 10. Bb5 Nb8 11. O-O b6 12. c6 Ba6 13. Bd2 Ne8 14. a4 Nd6 {1-0 (58) Wang,Y (2730)-Hou,Y (2653) Danzhou 2016}) 9... b6 10. cxb6 axb6 11. O-O Nb4 12. Qb1 c5 13. Ne5 Bb7 14. Bd2 Nc6 (14... Nd7 $5 {[%cal Rd7e5]}) 15. Nxc6 Bxc6 16. Rc1 Qd7 17. b3 Bd6 18. a4 e5 19. Nb5 Ne4 20. Be1 exd4 21. Nxd6 Qxd6 22. exd4 cxd4 23. Bd3 h6 24. Qb2 {[%mdl 1024] White has compensation.} Qf6 (24... Nc5 $11 25. Bb4 Rfe8) 25. Bb4 (25. f3 $16) 25... Rfc8 26. Rc2 (26. f3 $5 {[%cal Rf3e4]}) 26... Bb7 27. Rac1 Nc3 28. Bxc3 dxc3 29. Rxc3 Rc5 30. Qd2 Rac8 31. Rxc5 bxc5 32. Bb1 Qb6 33. Qd3 g6 34. Qe3 Kg7 35. Qe5+ Kh7 ({Black should try} 35... Qf6 $11 36. f4 c4 37. Qxf6+ Kxf6 38. bxc4 dxc4) 36. Qf4 (36. h4 $1 $14) 36... Kg7 37. Rc3 $2 {[%mdl 8192]} (37. Qe5+ $11 Qf6 38. f4) 37... Re8 $1 $19 {[%cal Re8e1]} 38. Qc1 (38. Rc1 $142 Qxb3 39. Qd2) 38... d4 39. Rh3 h5 40. Qd2 $2 {[#]} (40. Bd3 Qb4 41. Kf1) 40... c4 $1 {[%cal Bc5c4,Bc4c3][%mdl 544]} 41. a5 (41. bxc4 Qxb1+) 41... c3 42. Qc1 Qxa5 {( -> ...Qg5!)} 43. Bc2 {[#]} Qe5 (43... Qg5 $142 $1 {[%mdl 512]} 44. Qf1 {[#]} (44. Qxg5 Re1#) 44... Re1 $1 {[%mdl 512]} 45. Rg3 Rxf1+ 46. Kxf1 Qc1+ 47. Ke2 Qxc2+ 48. Ke1 Qd2+ 49. Kf1 Qd1#) 44. Qf1 Qe1 45. Bd3 Qd2 {Precision: White = 39%, Black = 48%.} 0-1

[Event "EYCC 2017"]
[Site "Mamaia"]
[Date "2017.09.11"]
[Round "6"]
[White "Remizov, Yaroslav"]
[Black "Schitco, Ivan"]
[Result "1-0"]
[WhiteElo "2146"]
[BlackElo "2325"]
[Annotator "TA"]
[PlyCount "107"]
[EventDate "2017.??.??"]
[EventType "swiss"]
[EventCountry "ROU"]
[SourceTitle "playchess.com"]
[Source "ChessBase"]
[SourceQuality "1"]

{[%evp 21,107,0,17,0,19,3,39,35,78,66,72,71,80,56,137,137,142,126,117,95,94,87,92,95,102,92,94,105,82,82,83,89,282,281,350,105,108,105,168,106,316,254,197,119,104,83,110,18,21,0,1,0,0,0,0,-117,-64,-92,0,0,0,0,0,0,385,366,377,344,468,463,590,570,511,438,883,764,967,930,935,872,29977,29978,29976,29978,29978,29979,29976,29977]} 1. e4 c6 2. d4 d5 3. Nc3 dxe4 4. Nxe4 Bf5 5. Ng3 Bg6 6. N1e2 e6 7. Nf4 Qc7 8. Bc4 Nf6 9. c3 Bd6 10. Qf3 Nbd7 11. O-O O-O-O {LiveBook: 4 Games} 12. a4 {B01: Scandinavian Defence} (12. b4 e5 13. Nxg6 fxg6 14. Be3 Kb8 15. Rfd1 Rhf8 16. Qe2 exd4 17. Bxd4 Ne5 18. b5 c5 19. Bxe5 Bxe5 {0-1 (52) Lugovskoy,M (2453)-Nihal,S (2471) Pardubice 2017}) 12... Rhe8 $146 (12... Nb6 $5 {[%cal Rb6c4]} 13. Bb3 Nbd5 14. Nxg6 hxg6 $11) ({Predecessor:} 12... Nb6 13. Bd3 Nbd5 14. Nxd5 Nxd5 15. a5 a6 16. Re1 Rhe8 17. Bd2 Kb8 18. c4 Bxd3 19. Qxd3 Nf6 {½-½ (35) Hall,G (2310)-Khokhlov,I (2324) ICCF email 2013}) 13. a5 e5 14. Nxg6 {White is slightly better.} e4 15. Qe2 (15. Ne7+ $5 Rxe7 16. Qd1 $14) 15... fxg6 16. b4 a6 17. Bb3 e3 (17... Nf8 $14) 18. Bxe3 $16 h5 {...h4 would now be nice for Black.} 19. b5 axb5 20. Rfc1 Ng4 21. a6 $1 {[%cal Ra6a7] Hoping for a7.} bxa6 22. Rxa6 {Threatens to win with Qa2.} Nb8 23. Ra8 {Strongly threatening Qa2.} Bxg3 24. hxg3 Nxe3 25. fxe3 Qxg3 26. e4 {[%cal Be3e4,Be4e5,Be5e6][%mdl 32] Qa2 is the strong threat.} Rd7 $2 (26... h4 $16 {was worth a try.}) 27. e5 $1 $18 h4 28. Qf3 $2 (28. Qe4 $18 {White wants to mate with Qxc6+.} Rd6 29. Bf7) 28... Qxf3 $16 29. gxf3 b4 (29... Ree7 $16) 30. Ra4 ({Resist} 30. cxb4 $6 Kb7 $14) (30. Bc2 $18) 30... c5 $2 (30... bxc3 $16 31. Rxc3 Rb7) 31. e6 ({Less strong is} 31. dxc5 Rd3 $14) 31... Rc7 32. dxc5 (32. Bc4 $18) 32... Rxc5 33. Rxb4 g5 34. Kg2 (34. Ra1 $16) 34... Nc6 $11 35. Ra4 {And now Ra8+ would win.} Kc7 36. Kh3 Rf8 (36... Rb8 $5 {[%cal Rb8b3]} 37. Ra3 Rf8 $11) 37. Kg2 Rd8 (37... Rb5 $5 {[%cal Rb5b3]} 38. Ra3 Rfb8 $15) 38. Rc4 (38. Ra6 $11 {keeps the balance.}) 38... Rxc4 $1 $17 39. Bxc4 {[%mdl 4096] Endgame [#] KRB-KRN} Rd2+ ({Better is} 39... Ne5 $1 $17 {[%cal Re5c4]} 40. Bb3 Rb8) 40. Kh3 $11 Kd6 {next ...Ne5 is good for Black.} 41. Re1 Rc2 42. Rd1+ Kc5 $2 {[%mdl 8192]} (42... Ke5 $1 $11) 43. Bd5 $18 {Black must now prevent Bxc6.} Rxc3 {[#]} 44. Be4 $1 Ne7 45. Rd7 g4+ 46. Kxg4 Ng8 {If only Black now had time for ...Nf6+....} 47. e7 Nf6+ (47... Nxe7 $142 48. Rxe7 Kd4 49. Rxg7 Rc1 50. Rd7+ Ke5 51. Rd5+ Ke6 52. Kxh4 Kf6) 48. Kxh4 Re3 {[#]} 49. Rd5+ $1 {[%mdl 512]} Kc4 (49... Nxd5 50. e8=Q) 50. Re5 Ne8 51. Bd5+ {White mates.} Kd3 52. Rxe3+ Kxe3 53. Bc6 Nd6 54. Kg4 {Precision: White = 54%, Black = 32%.} 1-0